Представление документа в формате RUSMARC

ПолеНазваниеЗначение
  Тип записи a
  Библиографический уровень m
001 Контрольный номер LIBNET\0001536234
005 Дата корректировки 20260619165909.8
010 Индекс ISBN __
a ISBN 978-5-389-30202-0
9 Тираж 2000 экз.
b Уточнения в пер.
100 Данные общей обработки __
a Данные общей обработки 20260519d2025 u u0rusy50 ca
101 Язык документа 0_
a Язык текста rus
102 Страна публикации __
a Страна публикации RU
105 Кодированные данные (монография) __
a Кодированные данные (монография) a z 001yy
200 Заглавие и сведения об ответственности 1_
a Заглавие Боги, люди, ароматы. Шумер, Вавилония, Египет, Иудея, Ассирия, Греция, Рим, Византия
f Первые сведения об ответственности Татьяна Конде
203 Вид содержания и тип средства __
a Вид содержания Текст
c Тип средства непосредственный
b Характеристика содержания визуальный
210 Выходные данные 1_
a Место издания Москва
c Издательство КоЛибри
c Издательство Азбука
d Дата издания 2025
215 Физическое описание __
a Объем 383 с.
c Иллюстрации/тип воспроизводства ил., цв. ил.
d Формат 24 см
225 Серия 1_
a Серия Исторический интерес
320 Библиография __
a Библиография Библиография в примечаниях: с. 349-370
320 Библиография __
a Библиография Источники и литература: с. 370-383
333 Примечание о целевом назначении __
a Примечание о целевом назначении 16+
517 Другие варианты заглавия 1_
a Другие варианты заглавия Шумер, Вавилония, Египет, Иудея, Ассирия, Греция, Рим, Византия
606 Тематические рубрики 1_
a Основная рубрика Запахи в культуре
606 Тематические рубрики 1_
a Основная рубрика Быт и нравы
x Основная подрубрика История
z Хронологическая подрубрика Древний период
606 Тематические рубрики 1_
a Основная рубрика Парфюмерно-косметические изделия
x Основная подрубрика История
z Хронологическая подрубрика Древний период
610 Ключевые слова 0_
a Ключевые слова запахи в культуре; быт и нравы в древнем периоде; парфюмерно-косметические изделия; история парфюмерии; ароматерапия; история ароматерапии; благовония
686 Индексы других классификаций __
a Классификационный индекс 63.3(0)3-75
2 Код системы rubbk
686 Индексы других классификаций __
a Классификационный индекс 35.684г
2 Код системы rubbk
700 Автор _1
a Фамилия Конде
b Имя (инициалы) Т. С.
g Полное личное имя Татьяна Сергеевна
801 Источник записи _0
a Страна RU
b Организация Новосибирская ГОНБ
c Дата составления 20260311
g Правила каталогизации rcr
801 Источник записи _1
a Страна RU
b Организация Новосибирская ГОНБ
c Дата составления 20260311
2 Код формата rusmarc
801 Источник записи _2
a Страна RU
b Организация Ульяновская ОНБ
c Дата составления 20260519
g Правила каталогизации RCR
900 Электронные ресурсы __
a Имя электронного ресурса азбука20250051
900 Электронные ресурсы __
a Имя электронного ресурса азбука20250052
901 Тип документа __
t Тип документа m
909 Создатель записи __
a Создатель записи Егорова Э. А.
b Дата создания записи 20260519
910 Корректоры записи __
a Корректор записи Седова
b Дата внесения изменения в запись 20260619